000 00439nam a22001697a 4500
005 20250619155550.0
008 250506b |||||||| |||| 00| 0 eng d
020 _a9780241672044
040 _cSDCL
041 _aeng
084 _aO-,3N84 R4 LR
100 _aBarnes, Jennifer Lynn
_9754404
245 _aGrandest Game:
_bOnly one can win
260 _aLondon :
_bPenguin Random House,
_c2024.
300 _a372p
942 _2CC
_cGB
999 _c1311813
_d1311813